| 000 | 00396nam a22001697a 4500 | ||
|---|---|---|---|
| 005 | 20160622122300.0 | ||
| 008 | 160622b xxu||||| |||| 00| 0 eng d | ||
| 020 | _a0-19-566986-x | ||
| 041 | _aeng | ||
| 082 | _b9007 | ||
| 100 |
_aTuli Rajhanshand Srivastava Nidhi _92503 |
||
| 245 | _aRetail Management | ||
| 260 |
_bOxford _c2009 |
||
| 300 | _a621 | ||
| 650 |
_aManagement _9241 |
||
| 942 | _cBK | ||
| 999 |
_c3558 _d3557 |
||